<?xml version="1.0" encoding="UTF-8"?>
<record
    xmlns:xsi="http://www.w3.org/2001/XMLSchema-instance"
    xsi:schemaLocation="http://www.loc.gov/MARC21/slim http://www.loc.gov/standards/marcxml/schema/MARC21slim.xsd"
    xmlns="http://www.loc.gov/MARC21/slim">

  <leader>00313nam a2200109   4500</leader>
  <datafield tag="100" ind1=" " ind2=" ">
    <subfield code="a">Jayawardana,H.S.K.</subfield>
  </datafield>
  <datafield tag="245" ind1=" " ind2=" ">
    <subfield code="a">Chemical Aspects of Chronic Kidney Disease (CKD) in Sri Lanka Treatments and Medications for CKD</subfield>
  </datafield>
  <datafield tag="260" ind1=" " ind2=" ">
    <subfield code="a">Colombo</subfield>
    <subfield code="b">ICHEMC</subfield>
    <subfield code="c">2016</subfield>
  </datafield>
  <datafield tag="300" ind1=" " ind2=" ">
    <subfield code="a">22</subfield>
  </datafield>
  <datafield tag="650" ind1=" " ind2=" ">
    <subfield code="a"> Kidney Disease </subfield>
  </datafield>
  <datafield tag="942" ind1=" " ind2=" ">
    <subfield code="c">SEMNR</subfield>
  </datafield>
  <datafield tag="999" ind1=" " ind2=" ">
    <subfield code="c">3328</subfield>
    <subfield code="d">3328</subfield>
  </datafield>
  <datafield tag="952" ind1=" " ind2=" ">
    <subfield code="0">0</subfield>
    <subfield code="1">0</subfield>
    <subfield code="7">0</subfield>
    <subfield code="8">NFIC</subfield>
    <subfield code="a">IC</subfield>
    <subfield code="b">IC</subfield>
    <subfield code="c">GEN</subfield>
    <subfield code="d">2016-05-16</subfield>
    <subfield code="l">0</subfield>
    <subfield code="p">S0102</subfield>
    <subfield code="r">2016-05-16 00:00:00</subfield>
    <subfield code="w">2016-05-16</subfield>
    <subfield code="y">DIS</subfield>
  </datafield>
  <datafield tag="952" ind1=" " ind2=" ">
    <subfield code="0">0</subfield>
    <subfield code="1">0</subfield>
    <subfield code="7">0</subfield>
    <subfield code="8">NFIC</subfield>
    <subfield code="a">IC</subfield>
    <subfield code="b">IC</subfield>
    <subfield code="c">GEN</subfield>
    <subfield code="d">2016-05-16</subfield>
    <subfield code="l">0</subfield>
    <subfield code="p">S0103</subfield>
    <subfield code="r">2016-05-16 00:00:00</subfield>
    <subfield code="w">2016-05-16</subfield>
    <subfield code="y">DIS</subfield>
  </datafield>
</record>
